Biblioteca

Preaching and teaching from the Old Testament : (Registro nro. 65572)

Detalles MARC
000 -LÍDER
Campo fijo de descripción fija 01824nam a2200325 i 4500
001 - NÚMERO DE CONTROL
Campo de control 768714001
003 - IDENTIFICADOR DEL NÚMERO DE CONTROL
Campo de control CO-MdFUSB
005 - FECHA Y HORA DE LA ULTIMA TRANSACCIÓN
control field 20200601144536.0
007 - CAMPO FIJO DE DESCRIPCIÓN FIJA--INFORMACIÓN GENERAL
Campo fijo de descripción fija ta
008 - ELEMENTOS DE LONGITUD FIJA -- INFORMACIÓN GENERAL
Campo fijo de descripción fija -- Información general 200330t2003 -us |||| |||| 00| 0 eng d
020 ## - NÚMERO INTERNACIONAL NORMALIZADO PARA LIBROS
Número Internacional Normalizado del libro 9780801026102
040 ## - FUENTE DE CATALOGACIÓN
Agencia de catalogación original CO-MdFUSB
Idioma de catalogación spa
Agencia que realiza la transcripción CO-MdFUSB
Agencia que realiza la modificación CO-MdFUSBC
Convenciones de la descripción rda
041 ## - CÓDIGO DE IDIOMA
Código de idioma para texto/pista de sonido o título separado eng
082 ## - NÚMERO DE CLASIFICACIÓN DECIMAL DEWEY
Número de la edición del Dewey 23
Número de clasificación 221.601
Clave de autor-Numero de item K13
100 ## - ASIENTO PRINCIPAL--NOMBRE PERSONAL
Nombre personal Kaiser, Walter C.
Término relacionador autor
245 1# - TÍTULO
Título del Material Preaching and teaching from the Old Testament :
Parte restante del título - Subtitulo a guide for the church
Mención de responsabilidad, etc. / Walter C Kaiser, Jr.
264 #1 - PRODUCCIÓN, PUBLICACIÓN, DISTRIBUCIÓN, MANUFACTURA, Y COPYRIGHT
Lugar de producción, publicación, distribución, manufactura Estados Unidos :
Nombre del productor, publicador, distribuidor Baker Academic,
Fecha de producción, publicación, distribución, manufactura, o copyright [2003]
264 #4 - PRODUCCIÓN, PUBLICACIÓN, DISTRIBUCIÓN, MANUFACTURA, Y COPYRIGHT
Fecha de producción, publicación, distribución, manufactura, o copyright © 2003
300 ## - DESCRIPCIÓN FÍSICA
Extensión 222 páginas
Dimensiones ; 22 cm
336 ## - TIPO DE CONTENIDO
Fuente rdacontent
Término de tipo de contenido texto
Código de tipo de contenido txt
337 ## - TIPO DE MEDIO
Fuente rdamedia
Nombre del tipo de medio sin mediación
Código del tipo de medio n
338 ## - TIPO DE SOPORTE
Fuente rdacarrier
Nombre del tipo de soporte volumen
Código Tipo de soporte nc
505 ## - NOTA DE CONTENIDO
Nota de contenido con formato preestablecido Parte 1: La necesidad de predicar y enseñar desde el Antiguo Testamento. -- El valor del Antiguo Testamento para hoy. -- El problema del Antiguo Testamento para hoy. -- La tarea de predicar y enseñar desde el Antiguo Testamento hoy. -- El arte y ciencia de la predicación expositiva. -- Parte 2: Cómo predicar y enseñar desde el Antiguo Testamento. -- Predicando y enseñando textos narrativos del Antiguo Testamento . -- Predicando y enseñando los libros de Sabiduría del Antiguo Testamento. -- Predicando y enseñando a los profetas de el Antiguo Testamento. -- Predicando y enseñando los lamentos del Antiguo Testamento. -- Predicando y enseñando la Torá del Antiguo Testamento. -- Predicando y enseñando alabanzas del Antiguo Testamento -<br/>La predicación y la enseñanza del Antiguo Testamento apocalíptico.. -- Conclusión: Cambiando el mundo con la palabra de Dios.
563 ## - NOTA DE ENCUADERNACIÓN
Nota de encuadernación Rústico
630 07 - TITULO UNIFORME
Título uniforme Biblia.
Nombre de parte o sección de la obra Antiguo Testamento
650 #0 - ASIENTO SECUNDARIO DE MATERIA - TERMINO TEMÁTICO
9 (RLIN) 54
Término temático o nombre geográfico como elemento de entrada Predicación
942 ## - TIPO DE MATERIAL (KOHA)
Tipo de Item KOHA Libros General
945 ## - INFORMACIÓN LOCAL DEL REGISTRO
Catalogador JTF-925
Revisión registro AEM-53
Existencias
Estado de Material Estado de Perdido Forma de Clasificación Estado de Dañado No para Préstamo Colección Biblioteca de Origen Biblioteca Permanente Fecha de Adquisición Forma de Adquisición Área Total de Préstamos Signatura Topográfica Código de Barras Última vez visto Ejemplar/Existencia Fecha de Remplazo Tipo de Material
    Dewey Decimal Classification     Colección General Biblioteca FUSBC Biblioteca FUSBC 30/03/2020 Colección Dawn Christina Harrell BIBLIA   G 221.601 K13p 21254 30/03/2020 Ej.1 30/03/2020 Libros General

Biblioteca FUSBC | Teléfono: (57+4) 349 88 10 Ext. 141| WhatsApp (+57) 3005338115 
E-mail: biblioteca@unisbc.edu.co | Calle 76 87-14 Robledo Palenque, Medellín, Colombia

Con tecnología Koha